[Event "SR 4. liga A21 2015/2016"]
[Site "?"]
[Date "2016.02.07"]
[Round "8.4"]
[White "Piestansky, Jan"]
[Black "Kovarik, Oto"]
[Result "0-1"]
[WhiteElo "1704"]
[BlackElo "1797"]
[PlyCount "106"]
[EventDate "2015.??.??"]

1. e4 c5 2. Bc4 e6 3. c3 d5 4. exd5 exd5 5. Bb3 Nf6 6. h3 Nc6 7. d3 Bd6 8. Qe2+
Be6 9. Nf3 O-O 10. O-O Re8 11. Qd1 Bc7 12. Bg5 h6 13. Bh4 Qd7 14. Bg3 Bxg3 15.
fxg3 Qd6 16. g4 Bxg4 17. Bxd5 Qxd5 18. hxg4 Nxg4 19. Re1 Rxe1+ 20. Qxe1 Qxd3
21. Nbd2 Rd8 22. Qe4 Qxe4 23. Nxe4 b6 24. Re1 f6 25. Nf2 Nxf2 26. Kxf2 Kf7 27.
g3 h5 28. Re2 g5 29. a3 Rd5 30. Kg2 b5 31. Rf2 Kg6 32. Re2 Ne5 33. Nxe5+ Rxe5
34. Rd2 a5 35. Kf3 Kf5 36. Rd8 c4 37. Rh8 g4+ 38. Kf2 Ke4 39. Rd8 Rd5 40. Re8+
Kf5 41. Re2 Kg5 42. Kg2 h4 43. gxh4+ Kxh4 44. Rf2 f5 45. Kg1 Kg3 46. Rg2+ Kf3
47. Rf2+ Ke3 48. Rf1 f4 49. Re1+ Kd2 50. Rf1 f3 51. Kf2 Kc2 52. Kg3 Kxb2 53.
Kxg4 Rd3 0-1

[Event "SR 4. liga A21 2015/2016"]
[Site "?"]
[Date "2016.02.07"]
[Round "8.5"]
[White "Curidlo, Jan"]
[Black "Pericka, Tomas"]
[Result "1-0"]
[WhiteElo "1872"]
[BlackElo "1996"]
[PlyCount "47"]
[EventDate "2015.??.??"]

1. e4 c5 2. Nf3 Nc6 3. d4 cxd4 4. Nxd4 g6 5. Be3 Bg7 6. c3 Nf6 7. Nd2 d5 8.
Nxc6 bxc6 9. Qc2 O-O 10. Be2 Qc7 11. O-O Ng4 12. Bxg4 Bxg4 13. f3 Bc8 14. Rfd1
Be5 15. Nf1 dxe4 16. fxe4 Rb8 17. g3 f5 18. Rd2 fxe4 19. Qxe4 Bh3 20. Rad1
Rxf1+ 21. Rxf1 Bxg3 22. Rf3 Bxh2+ 23. Rxh2 Qxh2+ 24. Kxh2 1-0

[Event "SR 4. liga A21 2015/2016"]
[Site "?"]
[Date "2016.02.07"]
[Round "8.5"]
[White "Sadlon, Juraj"]
[Black "Nedorost, Lubomir"]
[Result "1-0"]
[WhiteElo "1851"]
[BlackElo "1761"]
[PlyCount "120"]
[EventDate "2015.??.??"]

1. e4 c5 2. Nf3 d6 3. c3 g6 4. Bb5+ Bd7 5. Qe2 Bg7 6. O-O Bxb5 7. Qxb5+ Qd7 8.
Na3 a6 9. Qxd7+ Nxd7 10. d3 Ngf6 11. h3 b5 12. Nc2 h6 13. Re1 e5 14. Ne3 O-O
15. c4 Nh5 16. Nd5 f5 17. Nh4 Kh7 18. cxb5 axb5 19. exf5 gxf5 20. Ne7 f4 21.
Nhf5 Ra6 22. g4 Nhf6 23. Bd2 Rfa8 24. Nxg7 Kxg7 25. Nf5+ Kg6 26. a3 Nf8 27.
Rac1 Ne6 28. Bc3 h5 29. f3 Nd5 30. Kf2 Nxc3 31. Rxc3 Rb8 32. b4 cxb4 33. axb4
Ra2+ 34. Re2 Rxe2+ 35. Kxe2 Rd8 36. Rc6 hxg4 37. hxg4 Nd4+ 38. Nxd4 exd4 39.
Rb6 Re8+ 40. Kf2 Re6 41. Rxb5 Re3 42. Rf5 Rxd3 43. Rxf4 Kg5 44. Rf5+ Kg6 45.
Rd5 Kf6 46. Rxd6+ Ke5 47. Rd8 Rb3 48. Re8+ Kd5 49. g5 Rb2+ 50. Kg3 d3 51. g6
Rb1 52. Kf4 Rxb4+ 53. Ke3 Rb7 54. f4 Rg7 55. f5 Rd7 56. Kxd3 Kc6+ 57. Ke4 Rg7
58. Ke5 Kd7 59. Kf6 Rxg6+ 60. fxg6 Kxe8 1-0

[Event "SR 4. liga A21 2015/2016"]
[Site "?"]
[Date "2016.02.07"]
[Round "8.5"]
[White "Sedlak, Rastislav"]
[Black "Skapik, Branislav"]
[Result "1-0"]
[WhiteElo "1654"]
[BlackElo "1866"]
[PlyCount "123"]
[EventDate "2015.??.??"]

1. e4 d5 2. exd5 Nf6 3. c4 c6 4. Nc3 cxd5 5. d4 e6 6. Bg5 Be7 7. cxd5 Nxd5 8.
Bxe7 Nxe7 9. Nf3 Nbc6 10. Bb5 O-O 11. O-O a6 12. Bxc6 bxc6 13. Rc1 Rb8 14. Qc2
Nf5 15. Rfd1 Bb7 16. Ne4 Qe7 17. Nc5 Rfd8 18. b3 Rbc8 19. Qc4 Nd6 20. Qb4 Rb8
21. Qb6 Nc8 22. Qb4 Nd6 23. Qa5 h6 24. Ne5 Nb5 25. Nxb7 Rd5 26. Nxc6 Qg5 27.
Nxb8 Nxd4 28. Rc8+ Kh7 29. Qxd5 Qxd5 30. Rd8 Qxb7 31. R1xd4 a5 32. h3 Qc7 33.
R4d7 Qc1+ 34. Rd1 Qc2 35. R8d2 Qc8 36. Nd7 h5 37. Ne5 Qc7 38. Nc4 Qc5 39. Re1
a4 40. Re5 Qb4 41. Rxh5+ Kg6 42. Rh4 Kf6 43. Rf4+ Kg5 44. Rg4+ Kf6 45. bxa4
Qxa4 46. Rgd4 Qb4 47. a3 Qb1+ 48. Kh2 Qb8+ 49. g3 Qb3 50. R2d3 Qa2 51. Kg2 g6
52. Nd6 e5 53. Ne4+ Kg7 54. Rd7 Kh6 55. R7d5 f5 56. Nf6 e4 57. Rc3 Kg7 58. Rd6
Qb2 59. Rc7+ Kh6 60. h4 g5 61. Nxe4+ Kh5 62. Rh7+ 1-0

[Event "SR 4. liga A21 2015/2016"]
[Site "?"]
[Date "2016.02.07"]
[Round "8.5"]
[White "Sadlon, Matus"]
[Black "Oravec, Pavol"]
[Result "1/2-1/2"]
[WhiteElo "1681"]
[BlackElo "1779"]
[PlyCount "146"]
[EventDate "2015.??.??"]

1. e4 e6 2. d4 d5 3. exd5 exd5 4. Bd3 Nf6 5. f3 Bd6 6. Ne2 O-O 7. O-O c6 8. Bf4
Qc7 9. Bxd6 Qxd6 10. Nbc3 Be6 11. Qd2 Nbd7 12. Rfe1 Rfe8 13. Ng3 Qb4 14. Kf1
Nb6 15. b3 Nbd7 16. Re2 Nf8 17. Rae1 Bd7 18. Nb1 Qb6 19. c3 Rxe2 20. Rxe2 Re8
21. Rxe8 Bxe8 22. Bf5 Qc7 23. Qe3 Bd7 24. Bc2 Ng6 25. Nd2 Qf4 26. Qd3 Ng4 27.
Kg1 Nxh2 28. Ne2 Qh6 29. Nb1 Ne7 30. Qd2 g5 31. Qe3 Ng6 32. Nd2 Be6 33. Bxg6
hxg6 34. Qe5 g4 35. Nf4 Bf5 36. c4 gxf3 37. gxf3 Qh4 38. Ng2 Qh6 39. Qf4 Qxf4
40. Nxf4 Nxf3+ 41. Nxf3 dxc4 42. bxc4 Bb1 43. a3 Kg7 44. Kf2 Kf6 45. Ke3 g5 46.
Ne2 Bf5 47. Ne5 c5 48. Ng3 cxd4+ 49. Kxd4 Be6 50. Ke4 Ke7 51. c5 f6 52. Nd3 b6
53. Kd4 bxc5+ 54. Kxc5 Bd7 55. Nb4 Ke6 56. Nd3 f5 57. Ne2 f4 58. Nd4+ Ke7 59.
Kd5 Be8 60. Ke5 Bd7 61. Nc5 Be8 62. Nce6 f3 63. Nxf3 g4 64. Nh4 Bc6 65. Nd4 Bb7
66. Nhf5+ Kd7 67. Kf4 Kc7 68. Ne3 Kb6 69. Nb3 Kb5 70. Nc2 Bd5 71. Nbd4+ Ka4 72.
Kxg4 Bb3 73. Ne3 Kxa3 1/2-1/2

[Event "SR 4. liga A21 2015/2016"]
[Site "?"]
[Date "2016.02.07"]
[Round "8.5"]
[White "Musaev, Urmat"]
[Black "Svarc, Vaclav"]
[Result "1-0"]
[WhiteElo "1000"]
[BlackElo "1234"]
[PlyCount "71"]
[EventDate "2015.??.??"]

1. e4 e5 2. Nf3 Nc6 3. Bc4 Nf6 4. O-O Bc5 5. c3 d6 6. d4 Bb6 7. dxe5 Nxe4 8.
Qd5 Be6 9. Qxe4 Bxc4 10. Qxc4 dxe5 11. Re1 Qe7 12. Nxe5 Nxe5 13. Qb5+ c6 14.
Qxe5 Qxe5 15. Rxe5+ Kd7 16. Be3 Bc7 17. Re4 Rad8 18. Na3 Kc8 19. Rd4 Bd6 20.
Nc4 Bc7 21. Rad1 Rhe8 22. Nd6+ Bxd6 23. Rxd6 Rxd6 24. Rxd6 Kc7 25. Rd1 a6 26.
g3 b5 27. Kg2 a5 28. Kf3 b4 29. cxb4 axb4 30. Bc5 f5 31. Bxb4 g5 32. Re1 Rg8
33. Re7+ Kd8 34. Rxh7 g4+ 35. Kf4 Re8 36. Kxf5 1-0

[Event "SR 4. liga A21 2015/2016"]
[Site "?"]
[Date "2016.02.07"]
[Round "8.6"]
[White "Vogl, Zdenek"]
[Black "Orvisky, Vladimir"]
[Result "1-0"]
[WhiteElo "1907"]
[BlackElo "1756"]
[PlyCount "153"]
[EventDate "2015.??.??"]

1. e4 Nf6 2. e5 Nd5 3. d4 d6 4. Bc4 Nb6 5. Bb3 Bf5 6. Qf3 Qc8 7. a4 a5 8. c3 e6
9. Ne2 Be7 10. Ng3 Bg6 11. h4 h6 12. h5 Bh7 13. Qg4 Bf8 14. O-O Nc6 15. f4 Ne7
16. Nd2 Nf5 17. Nf3 Nxg3 18. Qxg3 Qd7 19. Bd2 d5 20. Rfc1 Nc4 21. Bxc4 dxc4 22.
Be3 Qd5 23. Nd2 Rg8 24. Qf3 Qxf3 25. gxf3 Bd3 26. Ne4 Be7 27. Kh1 O-O-O 28. Rg1
Be2 29. Nd2 Bd3 30. b3 cxb3 31. Nxb3 b6 32. Nd2 g6 33. hxg6 Bxg6 34. Ne4 Bh5
35. Nd2 Rg6 36. Rxg6 Bxg6 37. Rg1 Bd3 38. Ra1 Rg8 39. Bf2 h5 40. Ne4 Rg6 41.
Kh2 Bc2 42. Kh3 Bd3 43. Bh4 Bf8 44. Bg5 Be2 45. Nd2 Bg7 46. Kh4 Bd3 47. Kxh5 f6
48. exf6 Bxf6 49. Ne4 Bxg5 50. fxg5 Bxe4 51. fxe4 Rg8 52. g6 Kd7 53. Rf1 Rh8+
54. Kg5 Rh3 55. Rf7+ Ke8 56. Rxc7 Kf8 57. Kf6 Rf3+ 58. Kxe6 Rg3 59. g7+ Kg8 60.
e5 b5 61. axb5 a4 62. c4 a3 63. Ra7 Rxg7 64. Rxa3 Rg6+ 65. Kd7 Rg7+ 66. Kd6 Rg4
67. Kd5 Rg1 68. Rf3 Kg7 69. b6 Rc1 70. c5 Rc4 71. Rf4 Rb4 72. Kc6 Kg6 73. Kc7
Kg5 74. Rf8 Kg6 75. b7 Rb5 76. b8=Q Rxb8 77. Kxb8 1-0

[Event "SR 4. liga A21 2015/2016"]
[Site "?"]
[Date "2016.02.07"]
[Round "8.6"]
[White "Bjel, Jan"]
[Black "Hrubsa, Marian"]
[Result "1-0"]
[WhiteElo "1821"]
[BlackElo "1827"]
[PlyCount "93"]
[EventDate "2015.??.??"]

1. e4 e6 2. d4 d5 3. exd5 exd5 4. Nf3 Bd6 5. Bd3 Ne7 6. Bg5 f6 7. Bh4 O-O 8.
O-O Bf5 9. Re1 Qd7 10. Bg3 Bxg3 11. hxg3 Nbc6 12. c3 Rfe8 13. Qc2 Bxd3 14. Qxd3
Nf5 15. Nbd2 Nd6 16. b3 a5 17. a4 Rab8 18. Nh2 b5 19. axb5 Nxb5 20. Nhf1 Nd6
21. Ne3 Ne7 22. Rxa5 c6 23. Rea1 Qe6 24. b4 Nef5 25. Nxf5 Nxf5 26. Ra7 Nd6 27.
Nb3 Qe2 28. Qxe2 Rxe2 29. Rc7 Ne4 30. Raa7 Re1+ 31. Kh2 Nxf2 32. Rxg7+ Kf8 33.
g4 Rh1+ 34. Kg3 Ne4+ 35. Kf4 Rf1+ 36. Ke3 Ng5 37. Nd2 Re8+ 38. Kd3 Rd1 39. Kc2
Rg1 40. Nf3 Rxg2+ 41. Kd1 Ree2 42. Nxg5 fxg5 43. Rgf7+ Ke8 44. Rxh7 Rd2+ 45.
Kc1 Rc2+ 46. Kb1 Rb2+ 47. Ka1 1-0

[Event "SR 4. liga A21 2015/2016"]
[Site "?"]
[Date "2016.02.07"]
[Round "8.6"]
[White "Planka, Peter"]
[Black "Lajda, Dusan"]
[Result "0-1"]
[WhiteElo "1749"]
[BlackElo "1852"]
[PlyCount "86"]
[EventDate "2015.??.??"]

1. e4 c5 2. Nf3 Nc6 3. d4 cxd4 4. Nxd4 d6 5. Be2 Nf6 6. Nc3 Bd7 7. O-O e5 8.
Ndb5 Be6 9. a4 a6 10. Na3 Rc8 11. Be3 Nb4 12. f3 Be7 13. Qd2 d5 14. exd5 Nfxd5
15. Nxd5 Nxd5 16. Bf2 Nf4 17. Qxd8+ Bxd8 18. Bd1 O-O 19. Kh1 Ba5 20. g3 Nh3 21.
Be1 Bb6 22. Kg2 Rfd8 23. c3 h5 24. Bc2 Ng5 25. Rd1 Bh3+ 26. Kh1 Rxd1 27. Bxd1
Bxf1 28. Bd2 Rd8 29. Nb1 Nh3 30. Bc2 Be2 31. Kg2 Nf2 32. a5 Ba7 33. b4 Bd3 34.
Bxd3 Nxd3 35. Kf1 Nb2 36. Ke2 Nc4 37. Bc1 f6 38. h3 Kf7 39. Ke1 Rd3 40. Ke2 e4
41. fxe4 Rxg3 42. h4 Rg2+ 43. Kd3 Ne5# 0-1

[Event "SR 4. liga A21 2015/2016"]
[Site "?"]
[Date "2016.02.07"]
[Round "8.6"]
[White "Krchnak, Rudolf"]
[Black "Zlamal, Marek"]
[Result "1/2-1/2"]
[WhiteElo "1748"]
[BlackElo "1727"]
[PlyCount "119"]
[EventDate "2015.??.??"]

1. d4 d5 2. Nc3 e6 3. e4 dxe4 4. Nxe4 Nc6 5. c3 Nf6 6. Bg5 Be7 7. Bxf6 Bxf6 8.
Nf3 Be7 9. Bd3 f5 10. Ng3 a6 11. Qe2 b5 12. O-O O-O 13. Rfe1 Bf6 14. Rad1 Ne7
15. Bc2 Nd5 16. Qd2 Qd6 17. Ne5 Bb7 18. Bb3 h6 19. Ng6 Rfe8 20. Nh5 Bg5 21. f4
Kh7 22. Ne5 Bh4 23. Rf1 g6 24. Ng3 g5 25. Nh5 gxf4 26. Nxf4 Nxf4 27. Qxf4 Bg5
28. Qf2 Rg8 29. Nf3 Bf4 30. Qh4 Rg4 31. Qh3 Rag8 32. d5 e5 33. Qh5 Rxg2+ 34.
Kh1 Qf6 35. Rg1 Rxg1+ 36. Rxg1 Rxg1+ 37. Kxg1 e4 38. Nh4 Bg5 39. Ng2 f4 40. h4
Qb6+ 41. Kf1 Qg6 42. Qxg6+ Kxg6 43. hxg5 hxg5 44. c4 Kf5 45. a4 bxc4 46. Bxc4
a5 47. Ne1 Ke5 48. Nc2 Bxd5 49. Bxd5 Kxd5 50. b4 axb4 51. Nxb4+ Kc5 52. a5 Kb5
53. a6 Kb6 54. Nd5+ Kxa6 55. Nxc7+ Kb6 56. Ne6 Kc6 57. Nxg5 e3 58. Ne6 f3 59.
Nd4+ Kd5 60. Nxf3 1/2-1/2

[Event "SR 4. liga A21 2015/2016"]
[Site "?"]
[Date "2016.02.07"]
[Round "8.6"]
[White "Bartos, Bohumil"]
[Black "Varga, Adam"]
[Result "1-0"]
[WhiteElo "1701"]
[BlackElo "1315"]
[PlyCount "179"]
[EventDate "2015.??.??"]

1. d4 d5 2. c4 c6 3. Nc3 Nf6 4. Bg5 Bf5 5. e3 Nbd7 6. Nf3 e6 7. cxd5 cxd5 8.
Bb5 Be7 9. O-O O-O 10. Nh4 Bg6 11. Nxg6 hxg6 12. Bd3 Rc8 13. Rc1 a6 14. Qf3 Qb6
15. Rc2 Rc6 16. Bxf6 Nxf6 17. Na4 Qc7 18. Rfc1 Rxc2 19. Rxc2 Qa5 20. b3 Nd7 21.
h3 b5 22. Nc5 Bxc5 23. dxc5 Rc8 24. Qg4 Qd8 25. b4 Nb8 26. a3 Nc6 27. f4 Qe7
28. Kf2 Qb7 29. Qf3 a5 30. Rb2 axb4 31. axb4 Ra8 32. Qe2 Rb8 33. Qd2 Qe7 34.
Be2 e5 35. Qxd5 exf4 36. exf4 Re8 37. Qxc6 Qe3+ 38. Kf1 Qc1+ 39. Kf2 Qxf4+ 40.
Kg1 Qe3+ 41. Kh2 Qf4+ 42. g3 Qe5 43. Ra2 Qe3 44. Qf3 Qd4 45. Ra8 Rxa8 46. Qxa8+
Kh7 47. Qc6 f5 48. Qf3 Qxb4 49. c6 Qc5 50. Bf1 b4 51. Bg2 Qc2 52. Qf4 b3 53.
Qh4+ Kg8 54. Qd8+ Kh7 55. c7 b2 56. c8=Q Qxc8 57. Qxc8 b1=Q 58. Qc4 Qb6 59. Qf4
Qc5 60. h4 Qc8 61. Qg5 Qe6 62. Bf3 Qa2+ 63. Kh3 Qf2 64. Qf4 Qf1+ 65. Bg2 Qe2
66. Qf3 Qe6 67. Qf4 Qd7 68. Bf3 Qe6 69. h5 Qe1 70. hxg6+ Kxg6 71. Qd6+ Kh7 72.
Qf4 Kg6 73. Kh4 Qe7+ 74. Kh3 Qe1 75. Qh4 Kf7 76. Bd5+ Kg6 77. Bf3 Qe3 78. Qh5+
Kf6 79. Qh4+ g5 80. Qh6+ Ke7 81. Qh7+ Kf6 82. Qh6+ Ke7 83. Qg7+ Kd6 84. Qf6+
Qe6 85. Qxg5 f4+ 86. Bg4 Qe3 87. Qxf4+ Qxf4 88. gxf4 Ke7 89. Kh4 Kf6 90. Kh5
1-0

[Event "SR 4. liga A21 2015/2016"]
[Site "?"]
[Date "2016.02.28"]
[Round "9.1"]
[White "Hirmajer, Jan"]
[Black "Kubis, Ivan"]
[Result "0-1"]
[WhiteElo "1935"]
[BlackElo "1953"]
[PlyCount "116"]
[EventDate "2015.??.??"]

1. c4 e5 2. Nc3 Nf6 3. g3 Bb4 4. Bg2 O-O 5. e3 Bxc3 6. bxc3 e4 7. Nh3 d6 8. Rb1
Bg4 9. Qc2 Nc6 10. Ng5 Re8 11. Nxe4 Nxe4 12. Bxe4 Qf6 13. Rxb7 Rxe4 14. f4 Rxc4
15. Qb3 Rc5 16. Ba3 Rh5 17. O-O h6 18. Rxc7 Na5 19. Qb4 Be2 20. Rf2 Rb5 21.
Qxd6 Qxd6 22. Bxd6 Bd3 23. Bb4 Nc4 24. a4 $11 Rd5 25. e4 Rdd8 26. a5 Nd6 27. e5
Ne4 28. Rg2 a6 29. h3 Rac8 30. Rxc8 Rxc8 31. Kh2 g6 32. Kg1 h5 33. g4 h4 34.
Be7 Rb8 35. Bb4 Rb5 36. Kh2 Rd5 37. Kg1 Rb5 38. Kh2 Bf1 39. Rg1 Nxd2 40. Kh1
Bxh3 41. Rd1 Nf3 42. Rd6 Bxg4 43. Rxa6 Nd4 44. Rd6 Ne6 45. a6 Bf3+ 46. Kh2 Nxf4
47. Rd8+ Kh7 48. a7 Rxe5 49. a8=Q Re2+ 50. Kg1 Bxa8 51. Rxa8 h3 52. Bd6 Rg2+
53. Kh1 Nd3 54. Bg3 Nf2+ 55. Bxf2 Rxf2 56. c4 Rc2 57. Rc8 Kh6 58. c5 Kg5 0-1

[Event "SR 4. liga A21 2015/2016"]
[Site "?"]
[Date "2016.02.28"]
[Round "9.1"]
[White "Valla, Tomas"]
[Black "Bjel, Lubos"]
[Result "1-0"]
[WhiteElo "1805"]
[BlackElo "1780"]
[PlyCount "103"]
[EventDate "2015.??.??"]

1. e4 e6 2. d4 d5 3. Nc3 Bb4 4. Bd3 Bxc3+ 5. bxc3 b6 6. e5 c5 7. Qg4 g6 8. Bg5
Qc7 9. Bd2 Ba6 10. Rc1 Bxd3 11. cxd3 Nc6 12. Ne2 Nge7 13. Ng3 Rc8 14. O-O h5
15. Qh4 Nf5 16. Nxf5 exf5 17. e6 fxe6 18. Qf6 Kd7 19. Rfe1 Qd6 20. dxc5 bxc5
21. Rb1 Rb8 22. d4 Rxb1 23. Rxb1 Rb8 24. Rb3 c4 25. Rxb8 Qxb8 26. Qg7+ Ne7 27.
g3 Qb1+ 28. Kg2 Qxa2 29. Bg5 Qa3 30. Bxe7 Qxe7 31. Qxg6 h4 32. g4 fxg4 33. Qxg4
a5 34. Qd1 Qa3 35. Qc2 Qb3 36. Qh7+ Kc6 37. Qe7 h3+ 38. Kxh3 Qxc3+ 39. Kg2 Qxd4
40. Qxe6+ Kb5 41. Qe8+ Kb4 42. Qe7+ Kb3 43. Qb7+ Ka2 44. Qb5 Qd2 45. Qa4+ Kb2
46. Qb5+ Kc2 47. Qa4+ Kd3 48. Qb5 Ke2 49. Qe8+ Kd1 50. Qa4+ Ke1 51. Qa1+ Ke2
52. Qf1# 1-0

[Event "SR 4. liga A21 2015/2016"]
[Site "?"]
[Date "2016.02.28"]
[Round "9.1"]
[White "Lajda, Dusan"]
[Black "Zajicek, Ferdinand"]
[Result "1-0"]
[WhiteElo "1852"]
[BlackElo "1756"]
[PlyCount "67"]
[EventDate "2015.??.??"]

1. e4 c5 2. Nf3 d6 3. d4 cxd4 4. Nxd4 Nf6 5. Nc3 g6 6. Be2 Bg7 7. Be3 O-O 8.
Qd2 Bd7 9. O-O Nc6 10. f3 Qa5 11. Nb3 Qc7 12. Nb5 Qb8 13. c4 a6 14. Nc3 Be6 15.
Nd5 Nd7 16. Nd4 Qd8 17. Nxe6 fxe6 18. Nf4 Rf6 19. Rad1 Qf8 20. Nd3 Rc8 21. b3
Rf7 22. Nf2 Nf6 23. Nh3 Nd7 24. f4 Bh6 25. e5 Rd8 26. Bg4 dxe5 27. Bxe6 exf4
28. Bxf4 Bxf4 29. Qxf4 Nde5 30. Bxf7+ Nxf7 31. Rxd8 Ncxd8 32. Ng5 Qg7 33. Nxf7
Qxf7 34. Qb8 1-0

[Event "SR 4. liga A21 2015/2016"]
[Site "?"]
[Date "2016.02.28"]
[Round "9.1"]
[White "Kastler, Peter"]
[Black "Krchnak, Rudolf"]
[Result "1-0"]
[WhiteElo "1756"]
[BlackElo "1748"]
[PlyCount "105"]
[EventDate "2015.??.??"]

1. d4 Nf6 2. c4 c5 3. Nf3 cxd4 4. Nxd4 g6 5. Nc3 Bg7 6. e3 O-O 7. Be2 Nc6 8. b3
a6 9. Bb2 Re8 10. O-O Rb8 11. Nxc6 dxc6 12. Qc2 Qc7 13. Rad1 Be6 14. Rd2 Rbd8
15. Rfd1 Ng4 16. g3 Nh6 17. Bf3 Bg4 18. Bxg4 Nxg4 19. Ne4 Ne5 20. Kg2 b6 21.
Ng5 h6 22. Nf3 Nxf3 23. Kxf3 Rxd2 24. Qxd2 Bxb2 25. Qxb2 Rd8 26. Rxd8+ Qxd8 27.
Qd4 Qxd4 28. exd4 e6 29. Ke4 Kf8 30. d5 cxd5+ 31. cxd5 Ke7 32. dxe6 Kxe6 33. g4
f6 34. h4 b5 35. b4 Kd6 36. Kd4 Kc6 37. h5 gxh5 38. gxh5 Kd6 39. Ke4 Ke6 40. f3
f5+ 41. Kd4 Kd6 42. f4 a5 43. bxa5 Kc6 44. Ke5 b4 45. Kxf5 Kb5 46. a6 Kxa6 47.
Kg6 Ka5 48. f5 Ka4 49. f6 Ka3 50. f7 Kxa2 51. f8=Q b3 52. Qxh6 b2 53. Qd2 1-0

[Event "SR 4. liga A21 2015/2016"]
[Site "?"]
[Date "2016.02.28"]
[Round "9.1"]
[White "Bjel, Tomas"]
[Black "Papanek, Lubomir"]
[Result "1-0"]
[WhiteElo "1575"]
[BlackElo "1659"]
[PlyCount "73"]
[EventDate "2015.??.??"]

1. e4 e5 2. Nf3 Nc6 3. Bc4 Nf6 4. Ng5 d5 5. exd5 Na5 6. d3 h6 7. Nf3 Bd6 8. Qe2
O-O 9. Bd2 c6 10. dxc6 Nxc6 11. Be3 Bg4 12. Nbd2 Nd4 13. Bxd4 exd4 14. Ne4 Bb4+
15. Kd1 Re8 16. a3 Ba5 17. b4 Bc7 18. h3 Bh5 19. Kc1 Bf4+ 20. Kb2 Bg6 21. Nfd2
Bxd2 22. Nxf6+ Qxf6 23. Qxd2 a6 24. Rae1 b5 25. Bd5 Rad8 26. Rxe8+ Rxe8 27. Re1
Rd8 28. Be4 Rc8 29. Bxg6 Qxg6 30. f3 Rc3 31. Re4 Qd6 32. Qf4 Qc6 33. Re2 Rxd3
34. cxd3 Qc3+ 35. Ka2 Qxd3 36. Re8+ Kh7 37. Qe4+ 1-0

[Event "SR 4. liga A21 2015/2016"]
[Site "?"]
[Date "2016.02.28"]
[Round "9.2"]
[White "Sadlon, Juraj"]
[Black "Vogl, Zdenek"]
[Result "1-0"]
[WhiteElo "1851"]
[BlackElo "1907"]
[PlyCount "99"]
[EventDate "2015.??.??"]

1. e4 e5 2. Nf3 Nc6 3. Bb5 a6 4. Ba4 b5 5. Bb3 Be7 6. O-O Nf6 7. Re1 O-O 8. c3
d6 9. d3 Na5 10. Bc2 c5 11. Nbd2 Nc6 12. Nf1 h6 13. Ng3 Be6 14. h3 a5 15. d4
cxd4 16. cxd4 exd4 17. Nxd4 Nxd4 18. Qxd4 Rc8 19. Bd3 b4 20. b3 Nd7 21. Nh5 Bf6
22. Nxf6+ Qxf6 23. Qxf6 Nxf6 24. Bf4 Rfd8 25. Rac1 d5 26. e5 Nd7 27. Ba6 Rc3
28. Be3 Rxc1 29. Rxc1 Nxe5 30. Bd4 f6 31. Rc5 Kf7 32. Bb7 Rd7 33. Ba6 Rd8 34.
Kf1 Bf5 35. Bb7 Bd3+ 36. Ke1 Be4 37. Bxe5 fxe5 38. f3 Bb1 39. Bxd5+ Kf6 40.
Rxa5 Bxa2 41. Ra6+ Kg5 42. Bc4 Bb1 43. g3 Bd3 44. h4+ Kh5 45. Bf7+ g6 46. Ra5
Rf8 47. Rxe5+ Bf5 48. Be8 Rf6 49. Kf2 Re6 50. Rxf5# 1-0

[Event "SR 4. liga A21 2015/2016"]
[Site "?"]
[Date "2016.02.28"]
[Round "9.2"]
[White "Hrubsa, Marian"]
[Black "Skapikova, Lubica"]
[Result "0-1"]
[WhiteElo "1827"]
[BlackElo "1873"]
[PlyCount "108"]
[EventDate "2015.??.??"]

1. e4 e5 2. Nf3 Nc6 3. Bb5 a6 4. Bxc6 dxc6 5. O-O Bg4 6. h3 h5 7. d3 Bxf3 8.
Qxf3 Qf6 9. Qg3 O-O-O 10. Bg5 Qe6 11. Bxd8 Kxd8 12. Nd2 f6 13. Nc4 g5 14. Qe3
c5 15. Rab1 b6 16. c3 Ne7 17. Nd2 Bh6 18. Qe2 Qf7 19. b4 cxb4 20. cxb4 g4 21.
h4 Qxa2 22. Rfd1 Nc6 23. Qe1 a5 24. bxa5 bxa5 25. Nc4 Qa4 26. Ra1 Qc2 27. Nxa5
Nd4 28. Nc4 Kd7 29. Qa5 Ne2+ 30. Kh1 Nc3 31. Rf1 Qxd3 32. Nb2 Qc2 33. Qb4 Nxe4
34. Qb5+ Ke7 35. Nd3 Nd6 36. Qa6 Rb8 37. Ra2 Qc3 38. Ra3 Qc2 39. Ra2 Qc3 40.
Rfa1 Rb6 41. Qa3 Rb3 42. Qa7 Qxd3 43. Qxc7+ Ke6 44. Ra7 Rb1+ 45. Rxb1 Qxb1+ 46.
Kh2 Bf4+ 47. g3 Bxg3+ 48. Kg2 Qe4+ 49. Kf1 Qh1+ 50. Ke2 Qe4+ 51. Kf1 Qd3+ 52.
Ke1 Bxf2+ 53. Kxf2 Ne4+ 54. Kg1 Qg3+ 0-1

[Event "SR 4. liga A21 2015/2016"]
[Site "?"]
[Date "2016.02.28"]
[Round "9.2"]
[White "Skapik, Branislav"]
[Black "Planka, Peter"]
[Result "1-0"]
[WhiteElo "1866"]
[BlackElo "1749"]
[PlyCount "127"]
[EventDate "2015.??.??"]

1. Nf3 Nc6 2. g3 e5 3. e4 Nf6 4. d3 Be7 5. Bg2 O-O 6. O-O d6 7. c3 Bd7 8. Nbd2
Qc8 9. d4 Bh3 10. d5 Nb8 11. Re1 Bxg2 12. Kxg2 Re8 13. c4 Nbd7 14. b4 b6 15.
Bb2 a5 16. a3 axb4 17. axb4 Rxa1 18. Qxa1 Qa8 19. Ng1 Bf8 20. Ne2 Qb7 21. Qa4
Ra8 22. Qc6 Qc8 23. Nc3 Ra6 24. Ra1 Nb8 25. Qb5 Rxa1 26. Bxa1 Qa6 27. Qxa6 Nxa6
28. Na2 Ne8 29. f4 f6 30. Bc3 Kf7 31. Nb3 g6 32. b5 Nb8 33. Nb4 Bg7 34. Kf3 Bh6
35. Nc1 Nd7 36. Ncd3 g5 37. f5 Bf8 38. g4 Bg7 39. Nc6 Nf8 40. Ndb4 Kg8 41. Nd8
Nd7 42. Ne6 Nc5 43. Na6 Nxe6 44. dxe6 Kf8 45. Bb4 Ke7 46. Nb8 Kd8 47. Nc6+ Kc8
48. Bd2 Bf8 49. Nb4 Kb7 50. Be3 Bg7 51. Nd5 Kc8 52. Ke2 Kb7 53. Kd3 Kc8 54. Kc3
Kb8 55. Kb4 Kb7 56. Bf2 Bf8 57. h4 h6 58. h5 Kc8 59. e7 Bg7 60. Bxb6 cxb6 61.
Nxb6+ Kc7 62. Nd5+ Kb7 63. b6 Kc6 64. Nc7 1-0

[Event "SR 4. liga A21 2015/2016"]
[Site "?"]
[Date "2016.02.28"]
[Round "9.2"]
[White "Zlamal, Marek"]
[Black "Likavska, Barbora"]
[Result "1-0"]
[WhiteElo "1727"]
[BlackElo "1862"]
[PlyCount "49"]
[EventDate "2015.??.??"]

1. d4 Nf6 2. c4 d6 3. Nf3 g6 4. Nc3 Bg7 5. e3 O-O 6. Bd3 Nbd7 7. O-O a6 8. a4
e5 9. d5 Nc5 10. Bc2 Bg4 11. h3 Bxf3 12. Qxf3 a5 13. e4 Qd7 14. Bg5 Ne8 15. h4
f6 16. Be3 f5 17. exf5 gxf5 18. h5 f4 19. Bxc5 dxc5 20. Ne4 Qe7 21. Qd3 Nf6 22.
Ng5 Bh6 23. Ne6 Rf7 24. Rae1 Nxh5 25. Qh3 1-0

[Event "SR 4. liga A21 2015/2016"]
[Site "?"]
[Date "2016.02.28"]
[Round "9.2"]
[White "Sadlon, Matus"]
[Black "Bartos, Bohumil"]
[Result "1-0"]
[WhiteElo "1681"]
[BlackElo "1701"]
[PlyCount "121"]
[EventDate "2015.??.??"]

1. e4 c5 2. Nf3 Nc6 3. c3 d5 4. exd5 Qxd5 5. Be2 Nf6 6. O-O e6 7. Na3 a6 8. Nc4
Qd8 9. d3 b5 10. Nce5 Nxe5 11. Nxe5 Bd6 12. Ng4 Nxg4 13. Bxg4 O-O 14. Bf3 Rb8
15. Be3 Qc7 16. g3 Bb7 17. Re1 Rfd8 18. Rc1 Bxf3 19. Qxf3 Qb7 20. Qg4 Be7 21.
d4 cxd4 22. Bxd4 Bf8 23. Rcd1 Re8 24. Re5 f5 25. Qe2 Qf7 26. Re1 b4 27. Rxe6
Rxe6 28. Qxe6 bxc3 29. Bxc3 Qxe6 30. Rxe6 Ra8 31. Re5 g6 32. Rd5 Bg7 33. Bxg7
Kxg7 34. Kf1 a5 35. Ke2 a4 36. Kd3 Rb8 37. Kc3 Re8 38. b4 axb3 39. axb3 Re2 40.
Rd2 Re8 41. b4 Rc8+ 42. Kb3 Rc1 43. b5 Rc5 44. Kb4 Rc1 45. b6 Rb1+ 46. Kc5 Rc1+
47. Kb5 Rb1+ 48. Ka6 Ra1+ 49. Kb7 Kf8 50. Kb8 Ke8 51. b7 Ke7 52. Rc2 Kd8 53.
Rc8+ Kd7 54. Rc7+ Kd8 55. Rxh7 Ra2 56. f4 Ra6 57. Rg7 Ra2 58. Rxg6 Rxh2 59.
Rd6+ Ke7 60. Kc7 Rc2+ 61. Rc6 1-0

[Event "SR 4. liga A21 2015/2016"]
[Site "?"]
[Date "2016.02.28"]
[Round "9.3"]
[White "Sefcik, Marek"]
[Black "Curidlo, Jan"]
[Result "1/2-1/2"]
[WhiteElo "2040"]
[BlackElo "1872"]
[PlyCount "86"]
[EventDate "2015.??.??"]

1. e4 Nc6 2. d4 e5 3. d5 Nce7 4. Nf3 Ng6 5. h4 d6 6. h5 N6e7 7. Nc3 a6 8. Bd3
h6 9. Nh4 Nf6 10. Be3 Bd7 11. Be2 Qc8 12. g3 c6 13. Na4 Nxe4 14. Nb6 Qd8 15.
Nxa8 Nxd5 16. Qd3 Nxe3 17. Qxe4 Nd5 18. f4 Nf6 19. Qe3 Qxa8 20. fxe5 Nd5 21.
Qe4 Kd8 22. O-O-O Qa7 23. Rd3 Qc5 24. a3 Be7 25. Rf1 Bg5+ 26. Kb1 Rf8 27. Rfd1
Re8 28. Nf3 Bf6 29. R1d2 Bxe5 30. Nxe5 Rxe5 31. Qh4+ f6 32. Qd4 Bf5 33. Qxc5
dxc5 34. Rb3 Kc7 35. g4 Bh7 36. Rf3 b5 37. Bd3 Re1+ 38. Ka2 Bg8 39. c4 Nb6 40.
b3 bxc4 41. Bxc4 Bxc4 42. bxc4 Nxc4 43. Rc2 Ne5 1/2-1/2

[Event "SR 4. liga A21 2015/2016"]
[Site "?"]
[Date "2016.02.28"]
[Round "9.3"]
[White "Nedorost, Lubomir"]
[Black "Horak, Ivan"]
[Result "0-1"]
[WhiteElo "1761"]
[BlackElo "2035"]
[PlyCount "60"]
[EventDate "2015.??.??"]

1. e4 c5 2. Nc3 Nc6 3. Bc4 e6 4. f4 Nge7 5. Nf3 g6 6. e5 d5 7. exd6 Qxd6 8. d3
Bg7 9. Ne4 Qc7 10. Nxc5 O-O 11. c3 Na5 12. Be3 Nxc4 13. dxc4 b6 14. Ne4 Nf5 15.
Qe2 Nxe3 16. Qxe3 Qxc4 17. Nd6 Qa6 18. Nxc8 Raxc8 19. h4 h5 20. Ne5 Rfd8 21. a3
Bxe5 22. Qxe5 Rd5 23. Qe2 Qa4 24. O-O Rcd8 25. g4 Rd2 26. Qe3 hxg4 27. h5 R8d3
28. Qe1 Qc6 29. Rf2 Rg3+ 30. Kh2 Rh3+ 0-1